"Lawyers, Guns & Money" Lyrics - Statistics

General Stats
  • This quiz has been taken 11 times
  • The average score is 82 of 90
Answer Stats
lyrics % Correct
a
100%
a
100%
a
100%
always
100%
and
100%
and
100%
and
100%
and
100%
and
100%
and
100%
dad,
100%
do.
100%
gambling
100%
get
100%
guns,
100%
guns,
100%
guns,
100%
Havana,
100%
How
100%
I
100%
I
100%
I
100%
I
100%
I
100%
I
100%
in
100%
in
100%
know
100%
lawyers,
100%
lawyers,
100%
lawyers,
100%
little
100%
me
100%
money,
100%
money.
100%
money.
100%
of
100%
out
100%
risk.
100%
Russians
100%
Send
100%
Send
100%
Send
100%
she
100%
the
100%
the
100%
the
100%
the
100%
the
100%
The
100%
the
100%
this.
100%
to
100%
too?
100%
took
100%
waitress
100%
was
100%
was
100%
was
100%
way
100%
went
100%
with
100%
with
100%
between
75%
bystander,
75%
desperate
75%
fan.
75%
got
75%
hard
75%
has
75%
hiding
75%
hit
75%
home
75%
Honduras.
75%
I'm
75%
I'm
75%
I'm
75%
I'm
75%
innocent
75%
man.
75%
Now
75%
place,
75%
rock
75%
shit
75%
somehow
75%
stuck,
75%
down
50%
luck.
50%
my
50%
on
50%
No matching quizzes found
Score Distribution
Percent of People with Each Score
Percentile by Number Answered
Your Score History
You have not taken this quiz